First certificate: first! : examination practice 1 : reading, writing, use of English : key

Αποθηκεύτηκε σε:
Λεπτομέρειες βιβλιογραφικής εγγραφής
Κύριος συγγραφέας: Kingsley, Sophie
Μορφή: Βιβλίο
Γλώσσα:English
Δημοσίευση: Berkshire, UK : Express Pub., c2003
Θέματα:
Ετικέτες: Προσθήκη ετικέτας
Δεν υπάρχουν, Καταχωρήστε ετικέτα πρώτοι!

MARC

LEADER 00000cam a2200000 i 4500
001 1/50583
008 040310s2003 eng d
020 |a 1-84466-522-4 
035 |l 10072607 
040 |a GR-MY-UA  |b gre  |e aacr 
041 0 |a eng 
082 0 |a 428.24  |2 (21) 
100 1 |a Kingsley, Sophie. 
245 1 0 |a First certificate: first! :  |b examination practice 1 : reading, writing, use of English : key /  |c Sophie Kingsley 
260 |a Berkshire, UK :   |b Express Pub.,   |c c2003 
300 |a 14 p.;  |c 28 cm. 
500 |a Student' s book 
650 0 0 |a English language  |x Study and teaching  |x Foreign speakers. 
650 0 0 |a English language  |x Examinations. 
650 0 0 |a English language  |v Textbooks for foreign speakers. 
650 0 0 |a English language  |x Grammar  |x Study and teaching. 
852 |a INST  |b CHIOS  |e 20100902  |h 428.24 KIN  |p 005200031976  |q 005200031976  |t BK  |y 0 
852 |a INST  |b LEMNOS  |e 20100128  |h 428.24 KIN  |p 005600000273  |q 005600000273  |t BK  |y 0 
852 |a INST  |b LESVOS  |e 20100324  |h 428.24 KIN  |p 005100046911  |q 005100046911  |t BK  |y 0 
852 |a INST  |b SYROS  |e 20040310  |h 428.24 KIN  |p 005500003090  |q 005500003090  |t BK  |y 0 
852 |a INST  |b SYROS  |e 20040310  |h 428.24 KIN  |p 005500003091  |q 005500003091  |t BK  |y 0 
852 |a INST  |b SYROS  |e 20040310  |h 428.24 KIN  |p 005500003092  |q 005500003092  |t BK  |y 0 
852 |a INST  |b SYROS  |e 20040310  |h 428.24 KIN  |p 005500003093  |q 005500003093  |t BK  |y 0 
852 |a INST  |b SYROS  |e 20040310  |h 428.24 KIN  |p 005500003094  |q 005500003094  |t BK  |y 0 
901 |a BIBL5-2004-1 
901 |a BIBL6-2010-1 
901 |a BIBL1-2010-1 
901 |a BIBL2-2010-2 
909 |a Ε  |b 108252 
909 |a Ε  |b 108253 
909 |a Ε  |b 108254 
909 |a Ε  |b 108255 
909 |a Ε  |b 108256 
909 |a Μ  |b 159282 
909 |a Λ  |b 163069 
909 |a Χ  |b 148874 
970 |a ΚΟΝΤΟΥ  |b ΠΑΡΑΣΚΕΥΗ  |z 2004/03/10